Sillabe concatenanti #1 - Statistics

Statistiche generali
  • Questo quiz è stato fatto 89 volte
    87 dall'ultimo reset
  • Il punteggio medio è 13 su 20
Statistiche sulle risposte
Quesito Soluzione % Corretto
È simile alla rana Rospo
100%
Protesta sul lavoro Sciopero
91%
Protegge la testa del motociclista Casco
88%
Il paese con Montreal e Vancouver Canada
87%
Lavora al circo con i leoni Domatore
78%
La capitale della Somalia Mogadiscio
73%
Occasionale, discontinuo Sporadico
69%
Arma ricurva per lanciare dardi Balestra
68%
Obsoleto, fuori moda Datato
64%
Falciatrice da giardino Tosaerba
62%
Gli difetta il coraggio Codardo
61%
Favoreggiamento di parenti e amici Nepotismo
58%
La veste indossata da frati e suore Tonaca
58%
Sono bianche quelle di Dover Scogliere
53%
L'arte dello scrivere e del parlare in maniera eloquente e efficace Retorica
52%
Eccessivo, senza controllo Smodato
47%
Errore grossolano Strafalcione
47%
Rimproverare in modo aspro Redarguire
42%
La città lariana Como
38%
Mutuo, vicendevole Reciproco
38%
Nessun quiz corrispondente trovato
Distribuzione punteggi
Percentuale di utenti per punteggio
Percentile per numero di risposta
I tuoi punteggi nel tempo
Non hai fatto questo quiz dall'ultimo reset